000
00193nam a2200073Ia 4500
008
170523s9999 xx 000 0 und d
100
_a
Gerez- Sabih H.
245
0
_a
Algorithms for VLSI Design Automation
260
_a
Wiley India
999
_c
12292
_d
12292